[Event "Time for French"]
[Site "SchemingMind.com"]
[Date "2017.11.29"]
[Round "-"]
[White "Iucounu"]
[Black "aliwood"]
[Result "1-0"]
[WhiteCountry "ENG"]
[BlackCountry "ENG"]
[WhiteElo "1608"]
[WhiteRD "71"]
[BlackElo "1279"]
[BlackRD "64"]
[GameID "421397"]

1. e4 e6 2. d4 d5 3. Nc3 Bb4 4. e5 c5 5. a3 Bxc3+ 6. bxc3 Ne7 7. Qg4 O-O 8. Bd3 Nbc6 9. Qh5 Ng6 10. Nf3 Nce7
11. Ng5 h6 12. Nf3 c4 13. Bxg6 fxg6 14. Qg4 Nf5 15. O-O g5 16. g3 a6 17. Bd2 b5 18. h4 Nxh4 19. gxh4 gxh4 20. Qxh4 Qxh4
21. Nxh4 Bb7 22. f4 Rad8 23. f5 exf5 24. Rxf5 Bc8 25. Rxf8+ Rxf8 26. Rf1 Rd8 27. Ng6 Be6 28. Be1
1-0

[Event "Time for French"]
[Site "SchemingMind.com"]
[Date "2017.11.28"]
[Round "-"]
[White "Iucounu"]
[Black "Stephen Woodhouse"]
[Result "0-1"]
[WhiteCountry "ENG"]
[BlackCountry "ENG"]
[WhiteElo "1582"]
[WhiteRD "64"]
[BlackElo "1840"]
[BlackRD "61"]
[GameID "421398"]

1. e4 e6 2. d4 d5 3. Nc3 Nf6 4. Bg5 Be7 5. e5 Nfd7 6. Bxe7 Qxe7 7. f4 a6 8. Nf3 c5 9. dxc5 Qxc5 10. Qd2 Nc6
11. O-O-O b5 12. a3 Bb7 13. Nd4 Nxd4 14. Qxd4 Rc8 15. Qxc5 Rxc5 16. Rg1 Ke7 17. g3 g6 18. Rd3 Rhc8 19. Bg2 Nb6 20. Rgd1 Na4
21. Bf1 Nxc3 22. Rxc3 Rxc3 23. bxc3 Rxc3 24. Rd3 Rxd3 25. Bxd3 Kd7 26. c3 Kc6 27. Kb2 Kc5 28. Kb3 d4 29. Bc2 Bd5+ 30. Kb2 a5
31. Bd3 Bc4 32. Kc2 Bxd3+ 33. Kxd3 dxc3 34. Kxc3 Kd5
0-1

[Event "Time for French"]
[Site "SchemingMind.com"]
[Date "2017.11.29"]
[Round "-"]
[White "Stephen Woodhouse"]
[Black "Iucounu"]
[Result "1-0"]
[WhiteCountry "ENG"]
[BlackCountry "ENG"]
[WhiteElo "1840"]
[WhiteRD "61"]
[BlackElo "1582"]
[BlackRD "64"]
[GameID "421399"]

1. e4 e6 2. d4 d5 3. e5 c5 4. c3 Nc6 5. Be3 Qb6 6. Qd2 Bd7 7. Nf3 Rc8 8. Be2 cxd4 9. cxd4 Bb4 10. Nc3 Na5
11. O-O Ne7 12. Rac1 O-O 13. Rc2 Bxc3 14. Rxc3 Rxc3 15. Qxc3 Rc8 16. Qd2 Nc4 17. Bxc4 Rxc4 18. b3 Rc6 19. Rc1 Rxc1+ 20. Qxc1 Qc6
21. Kf1 Qxc1+ 22. Bxc1 Bb5+ 23. Ke1 Nc6 24. Kd2 h6 25. Kc3 a5 26. a4 Be2 27. Ne1 Kf8 28. Ba3+ Ke8 29. b4 axb4+ 30. Bxb4 Nxb4
31. Kxb4 Kd7 32. Kc5 Kc7 33. a5 Bd1 34. Nd3 g6 35. f3 g5 36. Nf2 Be2 37. Ng4 Bf1 38. Nxh6 Bxg2 39. Nxf7 Bxf3 40. Nxg5 Bg4
41. h4
1-0

[Event "Time for French"]
[Site "SchemingMind.com"]
[Date "2017.12.03"]
[Round "-"]
[White "Iucounu"]
[Black "Wojtek26"]
[Result "0-1"]
[WhiteCountry "ENG"]
[BlackCountry "POL"]
[WhiteElo "1582"]
[WhiteRD "64"]
[BlackElo "1506"]
[BlackRD "54"]
[GameID "421400"]

1. e4 e6 2. d4 d5 3. Nc3 dxe4 4. Nxe4 Nf6 5. Bg5 Be7 6. Bxf6 Bxf6 7. Nf3 O-O 8. Qd2 Nd7 9. O-O-O b6 10. Bc4 Bb7
11. Nxf6+ Qxf6 12. d5 exd5 13. Bxd5 Bxd5 14. Qxd5 Rad8 15. Qd4 Qxd4 16. Rxd4 Nf6 17. Rhd1 Rxd4 18. Rxd4 c5 19. Rd1 Re8 20. Re1 Rxe1+
21. Nxe1 Ng4 22. f3 Nxh2 23. Kd1 Nf1 24. g4 Kf8 25. Ke2 Nh2 26. Kf2 Ke7 27. Kg2 Nxg4 28. fxg4 Ke6 29. Kf3 b5 30. Ke4 a5
31. c4 bxc4 32. a4 g6 33. g5 f5+ 34. gxf6 Kxf6 35. Kd5 h5 36. Ng2 g5 37. Kxc5 h4 38. Ne1 h3 39. Nf3 g4
0-1

[Event "Time for French"]
[Site "SchemingMind.com"]
[Date "2017.12.03"]
[Round "-"]
[White "Wojtek26"]
[Black "Iucounu"]
[Result "0-1"]
[WhiteCountry "POL"]
[BlackCountry "ENG"]
[WhiteElo "1506"]
[WhiteRD "54"]
[BlackElo "1582"]
[BlackRD "64"]
[GameID "421401"]

1. e4 e6 2. d4 d5 3. e5 c5 4. Bb5+ Bd7 5. Bxd7+ Nxd7 6. Nf3 cxd4 7. Nxd4 Bc5 8. Nb3 Bb6 9. Bf4 h6 10. O-O Ne7
11. Re1 Ng6 12. Bg3 Nc5 13. Nxc5 Bxc5 14. Nc3 O-O 15. Na4 Be7 16. Nc3 a6 17. Qe2 b5 18. a3 Qc7 19. b4 Qxc3 20. f4 Qc4
21. Qd2 Bh4 22. Bxh4 Nxh4 23. Re3 Rac8 24. c3 Qxf4 25. Rf1 Qg5 26. Qf2 Rc4 27. Rg3 Rg4 28. Rxg4 Qxg4 29. Qb6 Qxg2#
0-1

[Event "Time for French"]
[Site "SchemingMind.com"]
[Date "2017.11.28"]
[Round "-"]
[White "Iucounu"]
[Black "Thomas Jacob Kelly"]
[Result "1-0"]
[WhiteCountry "ENG"]
[BlackCountry "USA"]
[WhiteElo "1582"]
[WhiteRD "64"]
[BlackElo "1801"]
[BlackRD "69"]
[GameID "421402"]

1. e4 e6 2. d4 d5 3. Nc3 Bb4 4. e5 Qd7 5. a3 Bxc3+ 6. bxc3 b6 7. Qg4 f6 8. Bb5 c6 9. Bd3 Ba6 10. Nf3 Qf7
11. O-O c5 12. dxc5 bxc5 13. Bxa6 Nxa6 14. Qa4+ Kd8 15. Qxa6 c4 16. exf6 gxf6 17. Qd6+ Qd7 18. Qxd7+ Kxd7 19. Nd4 Ne7 20. Re1 e5
21. Nf3 Rab8 22. Bh6 Rhg8 23. Rab1 Rb6 24. Rxb6 axb6 25. Be3 Kc6 26. Rb1 Nc8 27. g3 Rg7 28. Ne1 Ra7 29. f4 Rxa3 30. Bd2 e4
31. Kf2 Nd6 32. g4 b5 33. f5 Nf7 34. h4 Ra8 35. Ke3 Rg8 36. Kf4 h6 37. Ra1 Kb7 38. Ng2 Ne5 39. Ne3 Rd8 40. g5 hxg5+
41. hxg5 Nf3 42. g6 Nxd2 43. Rd1 d4 44. Rxd2 dxe3 45. Kxe3 Re8 46. Rd7+ Kc6 47. Rf7 Kd5 48. Rxf6 Rh8 49. g7 Rh3+ 50. Kf4 Rf3+
51. Kg4 Rxc3 52. g8=Q+ Kc5 53. Qf8+
1-0

[Event "Time for French"]
[Site "SchemingMind.com"]
[Date "2017.11.29"]
[Round "-"]
[White "Thomas Jacob Kelly"]
[Black "Iucounu"]
[Result "1-0"]
[WhiteCountry "USA"]
[BlackCountry "ENG"]
[WhiteElo "1801"]
[WhiteRD "69"]
[BlackElo "1582"]
[BlackRD "64"]
[GameID "421403"]

1. e4 e6 2. d4 d5 3. Nc3 Bb4 4. e5 c5 5. a3 Bxc3+ 6. bxc3 Ne7 7. Nf3 Bd7 8. a4 Qa5 9. Bd2 Nbc6 10. c4 Qc7
11. c3 O-O 12. Bd3 cxd4 13. cxd4 dxc4 14. Bc2 b6 15. O-O a6 16. Bc3 Nd5 17. Ng5 Nxc3 18. Bxh7+ Kh8 19. Qh5 Ne2+ 20. Kh1 Nf4
21. Qh4 f6 22. Bf5+ Kg8 23. Qh7#
1-0

[Event "Time for French"]
[Site "SchemingMind.com"]
[Date "2017.12.02"]
[Round "-"]
[White "Iucounu"]
[Black "Johnny Owens"]
[Result "1/2-1/2"]
[WhiteCountry "ENG"]
[BlackCountry "USA"]
[WhiteElo "1595"]
[WhiteRD "65"]
[BlackElo "1885"]
[BlackRD "70"]
[GameID "421404"]

1. e4 e6 2. d4 d5 3. Nc3 dxe4 4. Nxe4 Nd7 5. Nf3 Ngf6 6. Nxf6+ Nxf6 7. Bg5 h6 8. Bh4 Be7 9. Bb5+ Bd7 10. Qe2 O-O
11. O-O-O Bxb5 12. Qxb5 Rc8 13. c3 Qd6 14. Bg3 Qd5 15. Qxd5 Nxd5 16. Kb1 b5 17. Ne5 c5 18. dxc5 Bxc5 19. Nd7 Rfe8 20. Nxc5 Rxc5
21. Be5 a5 22. Bd4 Rc6 23. a3 f6 24. g3 Rd8 25. f4 b4 26. axb4 axb4 27. cxb4 Nxb4 28. Bc3 Nd5 29. Rc1 Ra8 30. Bd2 Rb6
31. Kc2 Ra2 32. Rb1 Rb7=
1/2-1/2

[Event "Time for French"]
[Site "SchemingMind.com"]
[Date "2017.12.02"]
[Round "-"]
[White "Johnny Owens"]
[Black "Iucounu"]
[Result "1-0"]
[WhiteCountry "USA"]
[BlackCountry "ENG"]
[WhiteElo "1885"]
[WhiteRD "70"]
[BlackElo "1595"]
[BlackRD "65"]
[GameID "421405"]

1. e4 e6 2. d4 d5 3. e5 c5 4. c3 Nc6 5. Nf3 Qb6 6. Be2 cxd4 7. cxd4 Bb4+ 8. Nc3 Nge7 9. O-O O-O 10. Bd3 Qxd4
11. Nxd4
1-0

[Event "Time for French"]
[Site "SchemingMind.com"]
[Date "2017.11.30"]
[Round "-"]
[White "Iucounu"]
[Black "EndeavourMorse"]
[Result "1-0"]
[WhiteCountry "ENG"]
[BlackCountry "SCO"]
[WhiteElo "1582"]
[WhiteRD "64"]
[BlackElo "1507"]
[BlackRD "100"]
[GameID "421406"]

1. e4 e6 2. d4 d5 3. Nc3 Nf6 4. Bg5 Be7 5. e5 Nfd7 6. Bxe7 Qxe7 7. f4 O-O 8. Nf3 f6 9. Be2 fxe5 10. fxe5 Rf5
11. Bd3 Rxf3 12. Qxf3 Qh4+ 13. g3 Qg5 14. O-O Qe7 15. a3 b6 16. Qh5 h6 17. Qg6 Nf8 18. Rxf8+ Qxf8 19. Rf1 Qe7 20. Qh7#
1-0

[Event "Time for French"]
[Site "SchemingMind.com"]
[Date "2017.11.30"]
[Round "-"]
[White "EndeavourMorse"]
[Black "Iucounu"]
[Result "0-1"]
[WhiteCountry "SCO"]
[BlackCountry "ENG"]
[WhiteElo "1458"]
[WhiteRD "86"]
[BlackElo "1595"]
[BlackRD "65"]
[GameID "421407"]

1. e4 e6 2. d4 d5 3. Nc3 Bb4 4. e5 c5 5. Nf3 Nc6 6. Be2 Nge7 7. Bg5 O-O 8. Be3 cxd4 9. Bxd4 Nxd4 10. Qxd4 Qa5
11. O-O Bxc3 12. bxc3 b6 13. Qd3 a6 14. Ng5 Ng6 15. Bh5 Bd7 16. f4 h6 17. Nxf7 Ne7 18. Nxh6+ gxh6 19. Qg3+ Kh8 20. Qh4 Ng8
21. Rf3 Qc5+ 22. Kf1 Bb5+ 23. Ke1 Qg1+ 24. Rf1 Qxf1+ 25. Kd2 Qxf4+ 26. Qxf4 Rxf4
0-1